Tres poetas de la soledad /

Análisis del filósofo y escritor Ramón Xirau acerca de la comunicación poética y la poesía de Octavio Paz, Xavier Villaurrutia y José Gorostiza.

Uloženo v:
Podrobná bibliografie
Hlavní autor: Xirau, Ramón (autor)
Médium: Kniha
Jazyk:španělština
Vydáno: México : Antigua Librería Robredo de José Porrúa e Hijos, 1955, c1955
Edice:(México y lo Mexicano ; 19)
Témata:
Tagy: Přidat tag
Žádné tagy, Buďte první, kdo vytvoří štítek k tomuto záznamu!

MARC

LEADER 00000nam^a2200000^a^4500
001 000127687
005 20250521000000.0
009 20260310094809.551
037 |a Acervo ITESO - Biblioteca 
041 |a ESP 
082 |a 860. 97206  |b XIR 
100 |a Xirau, Ramón  |e (autor) 
245 1 0 |a Tres poetas de la soledad /  |c R. Xirau. 
264 4 |a México :  |b Antigua Librería Robredo de José Porrúa e Hijos,  |c 1955, c1955 
300 |a 73 p. 
336 |a texto  |b txt  |2 rdacontenido 
337 |a sin mediación  |b n  |2 rdamedio 
338 |a volumen  |b nc  |2 rdasoporte 
440 1 |a (México y lo Mexicano ;  |v 19) 
520 |a Análisis del filósofo y escritor Ramón Xirau acerca de la comunicación poética y la poesía de Octavio Paz, Xavier Villaurrutia y José Gorostiza. 
649 |a XX 
650 |a Escritores Mexicanos 
650 |a Poesía Mexicana -  |x Historia y Crítica 
650 |a Literatura Mexicana -  |x Historia y Crítica 
650 |a Literatura Mexicana -  |y Siglo XX 
650 |a Paz, Octavio 
650 |a Villaurrutia, Xavier 
650 |a Gorostiza, José 
910 |a Fondo Salvador Reynoso Reynoso 
920 |a Impresos - Libros 
930 |a Fondos Especiales 
940 |a Literatura 
905 |a 112 
901 |a 0800009449  |b IT2  |c ESP  |u 20250521 
902 |a https://opac.biblio.iteso.mx/vufind/Record/000127687